|
|
|
|
| LEADER |
00000nam0a2200000 4500 |
| 001 |
155242 |
| 005 |
20231101221826.0 |
| 010 |
|
|
|a 9785394002434
|
| 035 |
|
|
|a (RuTPU)RU\TPU\book\168412
|
| 035 |
|
|
|a RU\TPU\book\148365
|
| 090 |
|
|
|a 155242
|
| 100 |
|
|
|a 20090312d2009 m y0rusy50 ca
|
| 101 |
0 |
|
|a rus
|
| 102 |
|
|
|a RU
|
| 105 |
|
|
|a y j 001zy
|
| 200 |
1 |
|
|a Психология и педагогика социальной работы с семьей
|e учебное пособие
|f Л. В. Карцева
|
| 205 |
|
|
|a 2-е изд.
|
| 210 |
|
|
|a Москва
|c Дашков и К
|d 2009
|
| 215 |
|
|
|a 224 с.
|
| 320 |
|
|
|a Библиогр.: с. 221-223.
|
| 330 |
|
|
|a На основе анализа проблем, с которыми чаще всего сталкиваются специалисты, работающие с семьей, — врачи, педагоги, психологи, социальные работники, сотрудники правоохранительных органов, предлагается концепция социальной работы с семьей как с социальной группой. Для студентов специальностей "Социальная работа", "Социальная педагогика", "Психология" и "Социология", слушателей системы повышения квалификации, специалистов социальных служб, сотрудников системы социальной защиты семьи, работников правоохранительных органов, органов здравоохранения, образования, организаций культурно-досуговой сферы, всех тех, кто интересуется проблемами функционирования института семьи.
|
| 451 |
|
1 |
|0 (RuTPU)RU\TPU\book\148365
|y 978-5-91131-407-1
|t Психология и педагогика социальной работы с семьей
|o учебное пособие
|f Л. В. Карцева
|c М.
|n Дашков и К
|d 2008
|p 224 с.
|a Карцева, Лидия Валерьевна
|
| 606 |
1 |
|
|a Социальная работа
|x Педагогика
|2 stltpush
|3 (RuTPU)RU\TPU\subj\36955
|9 58146
|
| 610 |
1 |
|
|a экономика
|
| 610 |
1 |
|
|a семья
|
| 610 |
1 |
|
|a психология
|
| 610 |
1 |
|
|a педагогика
|
| 610 |
1 |
|
|a учебные пособия
|
| 686 |
|
|
|a У9(2)272я73
|v LBC/SL-A
|2 rubbk
|
| 700 |
|
1 |
|a Карцева
|b Л. В.
|g Лидия Валерьевна
|
| 801 |
|
1 |
|a RU
|b 63413507
|c 20080429
|g PSBO
|
| 801 |
|
2 |
|a RU
|b 63413507
|c 20230626
|g PSBO
|
| 900 |
|
|
|a Психология и педагогика
|
| 900 |
|
|
|a Социальная работа
|
| 900 |
|
|
|a Педагогика и психология
|
| 900 |
|
|
|a Содержание и методика педагогической деятельности в системе социальной работы
|
| 900 |
|
|
|a Семьеведение
|
| 942 |
|
|
|c BK
|
| 951 |
|
|
|a 521100
|b 040100
|b 040101
|
| 959 |
|
|
|a 47/20080428
|d 1
|e 88,00
|f ЧЗГЛ:1
|
| 959 |
|
|
|a 112/20081124
|d 1
|e 88,00
|f АНЛ:1
|